000 00695cam a22002294a 4500
001 sa 67000613
003 DLC
005 20260227112316.0
008 890705s1966 ii 000 1 hino
010 _asa 67000613
035 _a(OCoLC)19964437
040 _aDLC
_cDLC
050 0 0 _aPK2098.R392
_bN38 1966
100 0 _aRāvī,
_d1911-
245 1 0 _aNaye nagara kī kahānī :
_bnaye nagara aura naye samāja kī vicāra preraka kalpanā /
_clekhaka, Rāvī.
250 _a2. saṃskaraṇa.
260 _aJayapura :
_bKalyāṇamala eṇḍa Sansa,
_c1966.
300 _a179 p.
_c19 cm.
500 _a"Maulika upanyāsa."
546 _aIn Hindi.
500 _aPreviously published: 1956.
999 _c72086
_d72086